| 000 | 00502nam a2200205Ia 4500 | ||
|---|---|---|---|
| 008 | 210210b2009 xxu||||| |||| 00| 0 eng d | ||
| 041 | _aeng | ||
| 082 | _a591.33 ARUT | ||
| 100 | _aARUMUGAM (N) | ||
| 245 | _aTextbook of embryology (developmental biology) | ||
| 260 |
_aKanyakumari _bSaras Publication _c2009 |
||
| 300 | _axvi--625 | ||
| 650 | _aTextbook | ||
| 650 | _aof | ||
| 650 | _aembryology | ||
| 650 | _abiology) | ||
| 650 | _a(developmental | ||
| 690 | _aBiology | ||
| 906 | _aSG05163 | ||
| 999 |
_c136723 _d136723 |
||